Organometallic compounds (Record no. 168891)
[ view plain ]
| 000 -LEADER | |
|---|---|
| fixed length control field | 00556nam a2200217Ia 4500 |
| 003 - CONTROL NUMBER IDENTIFIER | |
| control field | OSt |
| 005 - DATE AND TIME OF LATEST TRANSACTION | |
| control field | 20230612155729.0 |
| 008 - FIXED-LENGTH DATA ELEMENTS--GENERAL INFORMATION | |
| fixed length control field | 210423s2018 xx 000 0 und d |
| 020 ## - INTERNATIONAL STANDARD BOOK NUMBER | |
| International Standard Book Number | 978-93-86633-91-0 |
| 040 ## - CATALOGING SOURCE | |
| Transcribing agency | AL |
| 041 ## - LANGUAGE CODE | |
| Language code of text/sound track or separate title | eng |
| 082 ## - DEWEY DECIMAL CLASSIFICATION NUMBER | |
| Classification number | 547.05 |
| Edition number | 23 |
| Item number | KUMO |
| 100 ## - MAIN ENTRY--PERSONAL NAME | |
| Personal name | KUMAR (Indrajit) |
| 9 (RLIN) | 80782 |
| 245 ## - TITLE STATEMENT | |
| Title | Organometallic compounds |
| 260 ## - PUBLICATION, DISTRIBUTION, ETC. | |
| Place of publication, distribution, etc. | Meerut |
| Name of publisher, distributor, etc. | Pragati Prakashan |
| Date of publication, distribution, etc. | 2018 |
| 300 ## - PHYSICAL DESCRIPTION | |
| Extent | viii,208,iv |
| Other physical details | PB |
| 365 ## - TRADE PRICE | |
| Price amount | 185 |
| Currency code | INR |
| 650 ## - SUBJECT ADDED ENTRY--TOPICAL TERM | |
| Topical term or geographic name entry element | Organic Chemistry |
| 9 (RLIN) | 80783 |
| 906 ## - LOCAL DATA ELEMENT F, LDF (RLIN) | |
| a | compounds ; Organometallic |
| 942 ## - ADDED ENTRY ELEMENTS (KOHA) | |
| Source of classification or shelving scheme | Dewey Decimal Classification |
| Koha item type | Book |
| Withdrawn status | Lost status | Damaged status | Not for loan | Collection code | Home library | Current library | Date acquired | Source of acquisition | Cost, normal purchase price | Total Checkouts | Total Renewals | Full call number | Barcode | Date last seen | Date last checked out | Price effective from | Koha item type |
|---|---|---|---|---|---|---|---|---|---|---|---|---|---|---|---|---|---|
| Analytical Chemistry | St Aloysius PG Library | St Aloysius PG Library | 11/08/2017 | Biblios Book Point | 185.00 | 9 | 4 | 547.05 KUMO | PG015393 | 10/25/2025 | 10/09/2025 | 04/26/2021 | Book | ||||
| Analytical Chemistry | St Aloysius PG Library | St Aloysius PG Library | 11/08/2017 | Biblios Book Point | 185.00 | 16 | 3 | 547.05 KUMO | PG015394 | 10/30/2025 | 10/10/2025 | 04/26/2021 | Book | ||||
| Analytical Chemistry | St Aloysius PG Library | St Aloysius PG Library | 11/08/2017 | Biblios Book Point | 185.00 | 20 | 4 | 547.05 KUMO | PG015395 | 10/28/2025 | 10/23/2025 | 04/26/2021 | Book | ||||
| Analytical Chemistry | St Aloysius PG Library | St Aloysius PG Library | 11/08/2017 | Biblios Book Point | 185.00 | 15 | 3 | 547.05 KUMO | PG015396 | 10/25/2025 | 10/08/2025 | 04/26/2021 | Book | ||||
| Analytical Chemistry | St Aloysius PG Library | St Aloysius PG Library | 11/08/2017 | Biblios Book Point | 185.00 | 19 | 3 | 547.05 KUMO | PG015397 | 10/25/2025 | 10/10/2025 | 04/26/2021 | Book |